Historia de la pedagogía: realizaciones y doctrinas

Saved in:
Bibliografiske detaljer
Hovedforfatter: Hubert, René (Author)
Format: Bog
Sprog:spansk
Udgivet: Buenos Aires Kapelusz 1952
Serier:Biblioteca de Cultura Pedagógica
Fag:
Tags: Tilføj Tag
Ingen Tags, Vær først til at tagge denne postø!

MARC

LEADER 00000nam a2200000 a 4500
001 UCZ6629
003 CL-VaPUC
008 951211e19520900AG |||||||||||||||||spa|d
082 0 4 |a 370.09  |b HUB  |2 21 
100 |a Hubert, René  |e author  |9 356773 
245 1 0 |a Historia de la pedagogía: realizaciones y doctrinas 
300 |a 331 p 
942 |c BK 
945 |d 19951211 00:00:00  |a lriquelm 
260 |a Buenos Aires  |b Kapelusz  |c 1952 
650 0 |a Historia de la educación   |9 257642 
650 0 |a Filosofía de la educación   |9 258384 
650 0 |a Humanismo  |9 256530 
650 0 |a Racionalismo  |9 259116 
650 0 |a Escuelas filosóficas   |9 266232 
583 |a last modification  |c 20170925 04:37:47  |k Rodrigo Vera 
490 0 |a Biblioteca de Cultura Pedagógica 
999 |c 242823  |d 242821 
952 |0 0  |1 0  |4 0  |6 370_090000000000000_HUB_1952  |7 0  |8 P  |9 256052  |a BIBEDU  |b BIBEDU  |c BIBEDU_PB  |d 2019-11-19  |i 1605151  |o 370.09 HUB 1952  |p 1605151  |r 2024-01-25  |w 2019-11-19  |y BK  |k EDU 
952 |0 0  |1 0  |4 0  |6 370_090000000000000_HUB_1952  |7 0  |8 P  |9 256053  |a BIBEDU  |b BIBEDU  |c BIBEDU_PB  |d 2019-11-19  |i 2011859  |o 370.09 HUB 1952  |p 2011859  |r 2024-01-25  |w 2019-11-19  |y BK  |k EDU